How to find information about aids /

Gespeichert in:
Bibliographische Detailangaben
Hauptverfasser: Lingle, Virginia A. (Verfasst von), Wood, M. Sandra (Verfasst von)
Format: Buch
Sprache:Englisch
Veröffentlicht: Nw york : Harrington Park, c1988
Tags: Tag hinzufügen
Keine Tags, Fügen Sie das erste Tag hinzu!

MARC

LEADER 00000nam a22000007i 4500
001 IT\ICCU\UBO\3557164
003 ItRI
005 20260115231827.0
008 090120s1988 xxu|||||| ||||| |||||c
020 |a 0918393523 
040 |b ita  |c importazione bologna sebina 
041 7 |a eng  |2 ISO-639-2 
100 1 |a Lingle, Virginia A.  |0 IT\ICCU\UBOV\301517  |4 aut 
245 1 0 |a How to find information about aids /  |c Virginia A. Lingle , M. Sandra Wood. 
260 |a Nw york :  |b Harrington Park,  |c c1988 
300 |a viii, 130 p. ;  |c 22 cm. 
700 1 |a Wood, M. Sandra  |0 IT\ICCU\MILV\253695  |4 aut 
942 |2 ddc  |c BK  |n 0 
952 |0 0  |1 0  |4 0  |6 A_616_979000000000000_LIN  |7 0  |9 13672  |a BO  |b BO  |d 2026-01-15  |i 1935  |l 0  |o A 616.979 LIN  |p BO1935  |r 2026-01-15 23:18:27  |w 2026-01-15  |x [Sebina 5] [1 v.]  |y BK  |z 1 v. 
999 |c 11761  |d 11761